[Event "AUTO-ADV-3193"]
[Site "http://www.queenalice.com/game.php?id=1295116"]
[Date "2014.7.16"]
[Round "1"]
[White "twiddledeedum"]
[Black "jadoube1962"]
[Result "1-0"]
[WhiteElo "1756"]
[BlackElo "1961"]

1. e4 c6 2. d4 d5 3. e5 Bf5 4. Nc3 a6 5. Bd3 Bxd3 6. Qxd3 e6 7. a3 g6 8. Nf3 Bg7
9. Bg5 Ne7 10. Qd2 O-O 11. Bh6 Nf5 12. Bxg7 Nxg7 13. Na4 b6 14. g4 Nd7 15. Qh6
Re8 16. Ng5 Nf8 17. O-O-O Rc8 18. f4 c5 19. dxc5 bxc5 20. Rhf1 Qd7 21. Nb6 Qb5
22. Nxc8 Rxc8 23. f5 exf5 24. gxf5 Nxf5 25. Rxf5 gxf5 26. Rg1 Rc6 27. Ne6+ 1-0

[Event "AUTO-ADV-3193"]
[Site "http://www.queenalice.com/game.php?id=1295117"]
[Date "2014.7.16"]
[Round "1"]
[White "jadoube1962"]
[Black "twiddledeedum"]
[Result "1/2-1/2"]
[WhiteElo "2003"]
[BlackElo "1753"]

1. e4 e5 2. Nf3 d6 3. d4 exd4 4. Nxd4 Nf6 5. Nc3 c5 6. Nf3 Nc6 7. Bc4 h6 8. O-O
Bg4 9. h3 Bh5 10. Re1 Bxf3 11. Qxf3 Ne5 12. Qe2 a6 13. a4 Be7 14. f4 Nxc4 15.
Qxc4 O-O 16. Be3 Nd7 17. Bd2 Nb6 18. Qe2 Bh4 19. Rf1 Qe7 20. Qf3 Nc4 21. Bc1 Qd7
22. b3 Nb6 23. Qh5 Bf6 24. e5 dxe5 25. Ne4 Qc6 26. Nxf6+ Qxf6 27. fxe5 Qg6 28.
Qe2 Rae8 29. Bb2 Re6 30. Rad1 Qg5 31. Qf3 Qe7 32. Qg3 a5 33. Rd6 Nd7 34. Rfd1
Nxe5 35. Bxe5 Rxe5 36. Rd7 Qg5 37. Qxg5 Rxg5 38. Rxb7 Rc8 39. Ra7 c4 40. Rb1
cxb3 41. cxb3 Rc2 42. g4 h5 43. Ra8+ Kh7 44. Ra7 f6 45. Rf1 hxg4 46. hxg4 Rxg4+
47. Kh1 Rh4+ 48. Kg1 Rg4+ 49. Kh1 Rh4+ 50. Kg1 Rg4+ 1/2-1/2

[Event "AUTO-ADV-3193"]
[Site "http://www.queenalice.com/game.php?id=1295126"]
[Date "2014.7.16"]
[Round "1"]
[White "ratorei"]
[Black "jadoube1962"]
[Result "0-1"]
[WhiteElo "1992"]
[BlackElo "1962"]

1. e4 e5 2. Nf3 Nc6 3. Bc4 Bc5 4. O-O Nf6 5. Qe2 O-O 6. c3 d6 7. b4 Bb6 8. a4 a6
9. Na3 Ne7 10. d4 Ng6 11. d5 Bd7 12. Bb3 Qe7 13. h3 Rae8 14. Nc4 Ba7 15. Bc2 h6
16. Kh2 Nh5 17. Be3 Bxe3 18. fxe3 f5 19. exf5 Bxf5 20. Bxf5 Rxf5 21. g4 Rxf3 22.
Rxf3 Nf6 23. Raf1 Nh7 24. Rf7 Qh4 25. Rxc7 Ng5 26. Qg2 Rd8 27. Na5 e4 28. Nxb7
Nf3+ 29. Kh1 Rf8 30. Nxd6 Qd8 31. Rc6 Ngh4 32. Qa2 Qg5 33. Nxe4 Qxe3 34. Re6 Qd3
35. Rc1 Kh8 36. Qc2 Qxd5 37. Rxa6 Re8 38. Rxh6+ gxh6 39. c4 Qxe4 40. Qf2 Qd3 41.
Qb2+ Nd4 42. Qf2 Qe4+ 43. Kh2 Nhf3+ 44. Kh1 Ne1+ 0-1

[Event "AUTO-ADV-3193"]
[Site "http://www.queenalice.com/game.php?id=1295127"]
[Date "2014.7.16"]
[Round "1"]
[White "jadoube1962"]
[Black "ratorei"]
[Result "1/2-1/2"]
[WhiteElo "1961"]
[BlackElo "1993"]

1. d4 Nf6 2. c4 e6 3. Nf3 d5 4. Bg5 Be7 5. Nc3 c6 6. e3 Bb4 7. c5 Qa5 8. Qc2 Ne4
9. Rc1 Qxa2 10. Bf4 Nxc3 11. bxc3 Qxc2 12. Rxc2 Ba5 13. Bd3 Nd7 14. O-O O-O 15.
Ra1 Bd8 16. Rca2 a6 17. h3 f6 18. Bd6 Rf7 19. c4 Be7 20. g3 Bxd6 21. cxd6 e5 22.
Be2 e4 23. Nd2 f5 24. c5 g5 25. Kg2 f4 26. gxf4 gxf4 27. Bg4 Rg7 28. Kh2 f3 29.
Rb1 Kf8 30. Bxd7 Bxd7 31. Rxb7 Rg2+ 32. Kh1 Bxh3 33. Nb3 Bf5 34. Na5 Re8 35.
Nxc6 Re6 36. Rb8+ Kg7 37. Rb7+ Kf8 38. Rb8+ Kg7 39. Rb7+ Kf8 1/2-1/2

[Event "AUTO-ADV-3200"]
[Site "http://www.queenalice.com/game.php?id=1297079"]
[Date "2014.7.25"]
[Round "1"]
[White "luiz_gustavo"]
[Black "jadoube1962"]
[Result "0-1"]
[WhiteElo "1861"]
[BlackElo "1948"]

1. e4 c6 2. Nf3 d5 3. exd5 cxd5 4. d4 Nf6 5. Nc3 g6 6. Bg5 Bg7 7. Bb5+ Nc6 8.
O-O O-O 9. Re1 a6 10. Ba4 b5 11. Bb3 e6 12. Ne5 Ne7 13. Qf3 Nd7 14. Bxe7 Qxe7
15. Rad1 Nf6 16. Ne2 Bb7 17. c3 Rac8 18. Bc2 Ba8 19. b3 Ne4 20. Bxe4 dxe4 21.
Qf4 Rcd8 22. Ng3 f5 23. c4 bxc4 24. bxc4 Qa7 25. c5 Rd5 26. Ne2 Rfd8 27. Qc1
Bxe5 28. dxe5 Rxd1 29. Rxd1 Rxd1+ 30. Qxd1 Qxc5 31. Qa1 Bd5 32. g3 e3 33. f4 Bf3
34. Qd4 Qa5 35. Nc3 e2 36. Qd2 Qc5+ 0-1

[Event "AUTO-ADV-3200"]
[Site "http://www.queenalice.com/game.php?id=1297080"]
[Date "2014.7.25"]
[Round "1"]
[White "jadoube1962"]
[Black "luiz_gustavo"]
[Result "1-0"]
[WhiteElo "1929"]
[BlackElo "1969"]

1. e4 e5 2. Nf3 Nc6 3. Bc4 h6 4. d4 exd4 5. Nxd4 Ne5 6. Bb3 Bc5 7. O-O Bxd4 8.
Qxd4 d6 9. f4 c5 10. Qd5 Be6 11. Qxb7 Bxb3 12. axb3 Qd7 13. Qxa8+ 1-0

[Event "AUTO-ADV-3200"]
[Site "http://www.queenalice.com/game.php?id=1297091"]
[Date "2014.7.25"]
[Round "1"]
[White "daddyrat"]
[Black "jadoube1962"]
[Result "1-0"]
[WhiteElo "1742"]
[BlackElo "1937"]

1. e4 e5 2. Nf3 f5 3. exf5 e4 4. Nd4 Qf6 5. c3 Ne7 6. d3 exd3 7. Bxd3 Nbc6 8.
O-O Nxd4 9. cxd4 b6 10. Re1 Bb7 11. Qh5+ g6 12. fxg6 hxg6 13. Bxg6+ Kd8 14. Qg4
Nxg6 15. Bg5 1-0

[Event "AUTO-ADV-3200"]
[Site "http://www.queenalice.com/game.php?id=1297092"]
[Date "2014.7.25"]
[Round "1"]
[White "jadoube1962"]
[Black "daddyrat"]
[Result "1-0"]
[WhiteElo "1979"]
[BlackElo "1774"]

1. e4 e5 2. Nf3 Nc6 3. Bc4 h6 4. d4 exd4 5. Nxd4 d6 6. Qf3 Nf6 7. Nxc6 bxc6 8.
O-O d5 9. exd5 cxd5 10. Re1+ Be7 11. Bb3 O-O 12. Nc3 Bb7 13. Nb5 c6 14. Nd4 Ne4
15. Nf5 Bc8 16. Nxe7+ Qxe7 17. Bf4 Qf6 18. c3 Bf5 19. Rad1 a5 20. Bc2 Rab8 21.
Bxb8 Rxb8 22. Rb1 Re8 23. Bxe4 dxe4 24. Qe3 Rd8 25. Rbd1 Rc8 26. Qc5 a4 27. Rd6
Qe7 28. Qxf5 Qxd6 29. Qxc8+ Kh7 30. Qf5+ Kg8 31. Qxe4 Qd2 32. Qe2 Qd5 33. Qe8+
Kh7 34. Qe4+ Qxe4 35. Rxe4 Kg6 36. Rxa4 Kf5 37. Rc4 Ke5 38. Rxc6 1-0

[Event "AUTO-ADV-3200"]
[Site "http://www.queenalice.com/game.php?id=1297099"]
[Date "2014.7.25"]
[Round "1"]
[White "jadoube1962"]
[Black "juanluciano"]
[Result "1-0"]
[WhiteElo "1917"]
[BlackElo "1692"]

1. e4 e5 2. Nf3 Nc6 3. Bc4 Nf6 4. d3 Bc5 5. O-O O-O 6. c3 d6 7. Nbd2 h6 8. b4
Bb6 9. a4 a6 10. Bb2 Re8 11. h3 Ba7 12. Bb3 Be6 13. Bc2 Ne7 14. d4 exd4 15. cxd4
c6 16. Qe2 Qd7 17. Rad1 b5 18. a5 d5 19. e5 Nh7 20. Qd3 Bf5 21. Qc3 Bxc2 22.
Qxc2 Ng6 23. Rfe1 Nf4 24. Kh2 Nf8 25. Ng1 N4e6 26. Ndf3 Ng6 27. g3 Rac8 28. Qd2
1-0

[Event "AUTO-ADV-3200"]
[Site "http://www.queenalice.com/game.php?id=1297100"]
[Date "2014.7.25"]
[Round "1"]
[White "juanluciano"]
[Black "jadoube1962"]
[Result "0-1"]
[WhiteElo "1668"]
[BlackElo "1957"]

1. e4 c6 2. d4 d5 3. Nc3 dxe4 4. Nxe4 Bf5 5. Ng3 Bg6 6. h4 h6 7. h5 Bh7 8. Nf3
Nf6 9. Bd3 e6 10. Bf4 Be7 11. Bxh7 Nxh7 12. c3 O-O 13. Qd2 Nd7 14. Ne5 Ndf6 15.
O-O-O Qd5 0-1

[Event "AUTO-ADV-3071"]
[Site "http://www.queenalice.com/game.php?id=1300289"]
[Date "2014.8.8"]
[Round "2"]
[White "Rutty"]
[Black "jadoube1962"]
[Result "0-1"]
[WhiteElo "2116"]
[BlackElo "1924"]

1. d4 Nf6 2. c4 g6 3. Nf3 d5 4. e3 c6 5. Nc3 Bg7 6. cxd5 cxd5 7. Bd3 O-O 8. h3
Nc6 9. O-O b6 10. a3 Bb7 11. b4 Rc8 12. Bb2 e6 13. Rc1 Qe7 14. Qa4 h6 15. b5 Na5
16. Ne5 Kh7 17. Na2 Ne4 18. Qd1 f6 19. Bxe4 fxe5 20. Bb1 Nc4 21. Bc3 e4 22. Bb4
Nd6 23. f3 exf3 24. Rxf3 Rxc1 25. Nxc1 Qc7 26. Qd3 Qxc1+ 27. Kh2 Rxf3 28. Qxg6+
Kg8 29. gxf3 Qxe3 30. Bxd6 Qf2+ 31. Qg2 Qxg2+ 32. Kxg2 Bxd4 33. Bd3 Bc5 34. a4
Bxd6 0-1

[Event "AUTO-ADV-3071"]
[Site "http://www.queenalice.com/game.php?id=1300290"]
[Date "2014.8.8"]
[Round "2"]
[White "jadoube1962"]
[Black "Rutty"]
[Result "0-1"]
[WhiteElo "1993"]
[BlackElo "2119"]

1. d4 d5 2. c4 c6 3. Nf3 Nf6 4. Nc3 g6 5. cxd5 cxd5 6. Bf4 Bd7 7. e3 Bg7 8. Bd3
O-O 9. O-O Nc6 10. Rc1 a6 11. a3 b5 12. b4 e6 13. Qe2 Qb6 14. Rc2 Rfc8 15. Rfc1
Nh5 16. Bd6 Nxd4 17. exd4 Qxd6 18. g3 Bh6 19. Re1 Rc7 20. Nb1 Rxc2 21. Bxc2 Rc8
22. Bd3 f6 23. Kg2 Kf7 24. Nbd2 Rc3 25. Nb1 Rc1 26. Rxc1 Bxc1 27. Qc2 Qc6 28.
Qxc6 Bxc6 29. Nfd2 e5 30. dxe5 fxe5 31. Nb3 Bb2 32. Kf1 e4 33. Be2 Bd7 34. Nc5
Bc8 35. Ke1 Nf6 36. Nb3 d4 37. N3d2 d3 38. Bd1 Ke6 39. Nb3 Kd5 40. Kd2 Ng4 41.
Bxg4 Bxg4 42. Na5 Kd4 43. Nb7 Bf5 44. Nc5 Bc8 45. Nb3+ Kc4 46. Nc5 Bd4 47. Nxe4
Bf5 48. Nd6+ Kb3 49. Nxf5 gxf5 50. Kxd3 Bxf2 51. Ke2 Bg1 52. h3 Kb2 53. Nd2 Kxa3
54. Nf3 Bb6 55. Nh4 Kxb4 56. Nxf5 a5 57. Ne7 Kc4 58. g4 a4 59. Kd2 Kb3 60. Nd5
Ba5+ 61. Kc1 a3 62. Kb1 a2+ 63. Ka1 Bd2 64. h4 b4 65. g5 Bc1 0-1

[Event "AUTO-ADV-3071"]
[Site "http://www.queenalice.com/game.php?id=1300293"]
[Date "2014.8.8"]
[Round "2"]
[White "jadoube1962"]
[Black "ratorei"]
[Result "1-0"]
[WhiteElo "1987"]
[BlackElo "1975"]

1. d4 Nf6 2. c4 g6 3. Nc3 Bg7 4. e4 d6 5. h3 Nc6 6. d5 Ne5 7. f4 Ned7 8. Bd3 c6
9. Nge2 e5 10. O-O O-O 11. Be3 exf4 12. Bxf4 Ne5 13. Ng3 Nxd3 14. Qxd3 c5 15.
Qf3 a6 16. Bg5 Qb6 17. Bxf6 Bxf6 18. Qxf6 Qxb2 19. Rab1 Qd2 20. Kh1 Qd3 21. Rf3
Qxc4 22. Nh5 Qd4 23. Qg5 f5 24. exf5 Bxf5 25. Rd1 Rf7 26. Rxd4 cxd4 27. Nd1 Raf8
28. Ng3 Bc2 29. Rxf7 Rxf7 30. Qd2 d3 31. Ne3 Rc7 32. Qb4 Re7 33. Nxc2 dxc2 34.
Qc3 1-0

[Event "AUTO-ADV-3071"]
[Site "http://www.queenalice.com/game.php?id=1300294"]
[Date "2014.8.8"]
[Round "2"]
[White "ratorei"]
[Black "jadoube1962"]
[Result "1-0"]
[WhiteElo "2065"]
[BlackElo "1788"]

1. d4 Nf6 2. c4 g6 3. Nc3 d5 4. cxd5 Nxd5 5. e4 Nxc3 6. bxc3 Bg7 7. Bc4 O-O 8.
e5 Nc6 9. Nf3 b6 10. Qe2 Bb7 11. e6 f6 12. Ba6 Bxa6 13. Qxa6 Qd5 14. O-O Qxe6
15. Bf4 Qc8 16. Qe2 Qd7 17. Rfe1 Rfe8 18. Rad1 Rad8 19. d5 Nb8 20. Qc4 Kh8 21.
Qxc7 Qxc7 22. Bxc7 Rc8 23. d6 exd6 24. Rxe8+ Rxe8 25. Rxd6 Na6 26. Bd8 f5 27.
Bf6 Nc5 28. Bxg7+ Kxg7 29. Kf1 Re7 30. g3 Rc7 31. Nd4 Kf7 32. Nb5 Ke7 33. Rxg6
hxg6 34. Nxc7 Ne4 35. Nb5 a6 36. Nc7 Nxc3 37. a3 Kd7 38. Nxa6 Kc6 39. Ke1 b5 40.
Nb4+ Kc5 41. h4 Nb1 42. Nc2 Kc4 43. f3 Nc3 44. Kd2 Nb1+ 45. Kc1 Nc3 46. g4 fxg4
47. fxg4 Ne2+ 48. Kd2 Ng3 49. Na1 Ne4+ 50. Ke3 Nc5 51. Kf4 Kc3 52. Kg5 Nd7 53.
Kxg6 Kb2 54. h5 Kxa1 55. h6 Ka2 56. Kg7 Kxa3 57. h7 1-0

[Event "AUTO-ADV-3271"]
[Site "http://www.queenalice.com/game.php?id=1317960"]
[Date "2014.10.26"]
[Round "1"]
[White "jadoube1962"]
[Black "Huevo"]
[Result "0-1"]
[WhiteElo "1932"]
[BlackElo "2045"]

1. e4 e5 2. Nf3 Nc6 3. Bc4 Nf6 4. d3 Bc5 5. O-O d6 6. c3 Bg4 7. h3 Bh5 8. Re1
Qe7 9. Nbd2 h6 10. b4 Bb6 11. a4 a6 0-1